Score 0/28 Timer 03:00
0 Plays Today
Hint 4-Letter Word % Correct
Green, Kidney, Navy, or PintoBEAN
96.2%
Found on a cob or in earsCORN
93.9%
What most horticulture products start fromSEED
92.7%
Chicken's homeCOOP
92.3%
Contest of speedRACE
90.9%
Walk repeatedly back and forthPACE
90.7%
Section of a windowPANE
90.1%
Food given to farm animalsFEED
90%
What squirrels gather and hideNUTS
89.6%
Company abbreviationCORP
88.9%
Long stem of a sugar plantCANE
88.1%
Aquatic grain grown in paddiesRICE
87.7%
Soda or soup containersCANS
87.5%
StrikeBEAT
85.4%
Hint 4-Letter Word % Correct
ExtraMORE
84.8%
Andrew Lloyd Webber musicalCATS
84.5%
SawsCUTS
83.2%
Borscht baseBEET
83%
Poet's daybreakMORN
82.9%
Sock stuffers or poetic measuresFEET
82.4%
Breakfast grain derived from wheatBRAN
78.3%
Sacred actRITE
75.9%
Tiny 8-legged critterMITE
74.3%
Horticultural productCROP
74.1%
Slang term for stuff or junkCRAP
74%
Donkey's cryBRAY
73.5%
Swampy groundMIRE
72.5%
Former Supercomputer makerCRAY
61.3%

Today's Daily Dose

Missing Word
'T' Pairs

Word Ladder
Game Pieces

Get the Picture
Baseball Movies

Remove Ads.
Support Sporcle.
Get the best of Sporcle when you Go Orange. This ad-free experience offers more features, more stats, and more fun while also helping to support Sporcle. Thank you for becoming a member.

You're not logged in!

Compare scores with friends on all Sporcle quizzes.
OR
Log In

Show Comments

Extras

Top Quizzes Today


Score Distribution

Your Account Isn't Verified!

In order to create a playlist on Sporcle, you need to verify the email address you used during registration. Go to your Sporcle Settings to finish the process.

Report this User

Report this user for behavior that violates our Community Guidelines.

Details: